ČSN EN 1917 (723147) A Vstupní a revizní šachty z prostého betonu, drátkobetonu a železobetonu = Concrete manholes and inspection chambers, unreinforced, steel fibre and reinforced
Norma je platná
| Corporate Author: | Česko. Český normalizační institut |
|---|---|
| Language: | Czech |
| Published: |
Praha : Český normalizační institut, 2004 |
| Online Access: |
on-line verzi normy v elektronickém formátu můžete získat v systému ČSN online ČAS
záznam normy v ČAS náhled na serveru ČAS |
| Physical Description: |
68 s. |
| LEADER | 02942cam a2200505 a 4500 | ||
|---|---|---|---|
| 001 | 000040585 | ||
| 003 | CZ BrMZK | ||
| 007 | ta | ||
| 008 | 180108s2004 xr f |000 0 cze d | ||
| 020 | |c Kč 532.00 | ||
| 040 | |a ABE034 |b cze |d BOA001 | ||
| 084 | |a 93.030 |2 ICS | ||
| 245 | 0 | 0 | |a ČSN EN 1917 (723147) A Vstupní a revizní šachty z prostého betonu, drátkobetonu a železobetonu = |b Concrete manholes and inspection chambers, unreinforced, steel fibre and reinforced |
| 246 | 3 | 0 | |a Vstupní a revizní šachty z prostého betonu, drátkobetonu a železobetonu |
| 246 | 3 | 1 | |a Concrete manholes and inspection chambers, unreinforced, steel fibre and reinforced |
| 260 | |a Praha : |b Český normalizační institut, |c 2004 | ||
| 300 | |a 68 s. | ||
| 540 | |a Normy lze objednat u pultu ve Studovně přírodních a technických věd (6. p.) a studovat se mohou pouze ve studovně. | ||
| 540 | |a Podle zákona č. 22/1997 Sb. smějí být české technické normy rozmnožovány a rozšiřovány jen se souhlasem Úřadu pro technickou normalizaci, metrologii a státní zkušebnictví. | ||
| 500 | |a Datum vydání: 2004-09-01 | ||
| 500 | |a Účinnost od: 2004-10-01 | ||
| 500 | |a Věstník vydání: 2004.09 | ||
| 500 | |a Věstník poslední změny: 2004-08-23 | ||
| 500 | |a Harmonizace: Typ: H; legislativa: NV 190/2002 Sb.; věstník harmonizace: 2004.09 | ||
| 500 | |a Harmonizace: Typ: H; legislativa: NV 190/2002 Sb.; věstník harmonizace: 2007.03 | ||
| 500 | |a Harmonizace: Typ: H; legislativa: NV 190/2002 Sb.; věstník harmonizace: 2008.03 | ||
| 500 | |a Zapracovaný dokument: Označení EN 1917; Rok vydání: 2002 | ||
| 500 | |a Zapracovaný dokument: Označení EN 1917/AC; Rok vydání: 2003 | ||
| 500 | |a Změna normy: tisková oprava; počet stran 12; ohlášeno ve věstníku 2007.11; s datem účinnosti 2007-12-01; vydáno 2007-11-01 | ||
| 500 | |a Změna normy: tisková oprava; počet stran 2; ohlášeno ve věstníku 2010.10; s datem účinnosti 2010-11-01; vydáno 2010-10-01 | ||
| 520 | |a Norma je platná | ||
| 650 | 0 | 7 | |a technické normy a standardy |z Česko |2 czenas |
| 653 | 0 | |a STAVEBNÍ SUROVINY, MATERIÁLY A VÝROBKY | |
| 653 | 0 | |a Betonové a železobetonové trouby a tvarovky | |
| 653 | 0 | |a Vnější systémy odvádění odpadních vod | |
| 655 | 7 | |a normy |2 czenas | |
| 710 | 1 | |a Česko. |b Český normalizační institut |7 kn20020916006 | |
| 856 | 4 | |u http://csnonline.agentura-cas.cz/ |y on-line verzi normy v elektronickém formátu můžete získat v systému ČSN online ČAS |4 N | |
| 856 | 4 | |u http://seznamcsn.agentura-cas.cz/Detailnormy.aspx?k=68554 |y záznam normy v ČAS |4 N | |
| 856 | 4 | |u http://csnonlinefirmy.agentura-cas.cz/html_nahledy/72/68554/68554_nahled.htm |y náhled na serveru ČAS |4 N | |
| 910 | |a BOA001 |b ČSN EN 1917 | ||
| 997 | |a 2004 |b 2012 | ||
| 994 | |a DN |l MZK04 |b 000037872 |m Nová (platná) verze normy |n Stará (neplatná) verze normy | ||
| 996 | |c ČSN EN 1917 | ||
English
Čeština 